000
00331 a2200109 4500
001
ART_32731
005
20260410161841.0
008
260409a
245
1
0
_a
Reflexiones introductorias: el municipio en la globalización
100
1
_a
Rosatti, Horacio
773
0
_t
RAP
_g
- Año 37, Nº 443 (ago. 2015)
_w
REV5941
999
_c
24070
_d
24070